000 00479nam a22001817a 4500
999 _c5205
_d5205
003 OSt
005 20181228125802.0
008 181228b ||||| |||| 00| 0 eng d
020 _a0883681404
040 _cDLC
082 _a252.3
_bF514H
100 _aFinney, Charles G.
245 _aHow To Experience Revival /
_cBy Charles G.Finney.
260 _aUSA :
_bWhitakers House Publishers,
_cc1984.
300 _a143 p.:
650 _aRevival
_xFinney, Charles G.
942 _2ddc
_cBK